| 000 | 00743cam a2200229 4500 | ||
|---|---|---|---|
| 001 | M1911 | ||
| 008 | 090401t1995 xxu||||| |||| 00| 0 eng d | ||
| 035 | _a(Sirsi) u35211 | ||
| 041 | 0 | _aeng | |
| 050 | 0 | 4 | _a381.41 $2 18 |
| 090 | _aRICS 1995/57A | ||
| 110 | 2 |
_aLivestock Auctioneers' Association _9371 |
|
| 245 | 0 | 0 | _aReport of the Council for the period ending December 1994 |
| 260 |
_aCoventry _bLivestock Auctioneers' Association _c1995 |
||
| 300 |
_a5p. _c21cm. |
||
| 350 | _a0 | ||
| 520 | _a39th report. Auctioneers' Market Committee for England and Wales taken over by the Livestock Auctioneers' Association in 1993. | ||
| 651 | 4 |
_aEngland and Wales _y1543- |
|
| 690 |
_aAuctioneering _96218 |
||
| 942 | _n0 | ||
| 948 | _c04/03/1997 | ||
| 999 |
_c90070 _d90070 |
||